Taiwan she hui xue kan

Bibliographic Details
Format: Electronic Journal
Language:English
Chinese
Published: Taipei, Taiwan : Taiwan Shehuiyuan
Subjects:
Online Access:Full text available from Research Library: 06/01/2010 to present

MARC

LEADER 00000nas a2200000 i 4500
001 ssj0001078008
003 WaSeSS
005 20200512172242.0
006 m d
007 cr n
008 140110c20uu9999ch t| p|s|||||| |0eng d
035 |a (WaSeSS)ssj0001078008 
040 |a WaSeSS  |b eng  |c WaSeSS  |d WaSeSS 
041 |a eng  |a chi 
043 |a a-ch--- 
050 1 4 |a HM403 
245 0 0 |a Taiwan she hui xue kan  |h [electronic resource]. 
260 |a Taipei, Taiwan :  |b Taiwan Shehuiyuan 
310 |a Three times a year 
506 |a License restrictions may limit access. 
546 |a In English and Chinese. 
588 |a Description based on: 44 (June 2010); title from title screen (ProQuest, viewed Jan. 10, 2014). 
588 |a Latest issue consulted: 52 (June 2013) (viewed Jan. 10, 2014). 
650 0 |a Sociology  |v Periodicals. 
651 0 |a Taiwan  |x Social conditions  |v Periodicals. 
655 0 |a Electronic journals. 
856 4 0 |z Full text available from Research Library: 06/01/2010 to present  |u https://search.proquest.com/publication/806347